000 00425nam a2200169Ia 4500
008 090711s9999 xx 000 0 und d
082 _b70558
100 _aवैद्य सुरेश
245 _aसावर
260 _c1993
300 _a200
600 _aवैद्य सुरेश
630 _aसावर
700 _aवैद्य सुरेश
730 _aसावर
942 _cBOOK
999 _c288149
_d288149